| 000 | 00779nam a22002057a 4500 | ||
|---|---|---|---|
| 003 | BD-DhUL | ||
| 005 | 20160918121535.0 | ||
| 008 | 160918s1999 bg a|||| |||| 00| 0 ben | ||
| 020 | _a984433231 | ||
| 040 |
_aBD-DhUL _cBD-DhUL |
||
| 082 |
_a954.92 _bCHA |
||
| 245 | 0 | 0 |
_aছয় দফা থেকে বাংলাদেশ / _cরবীন্দ্রনাথ ত্রিবেদী |
| 260 |
_aঢাকা : _bহাব্বানী, _c১৯৯৯ |
||
| 300 |
_a৩৬৮ পৃ. : _bচিত্র ; _c২২ সেমি. |
||
| 365 |
_aBDT _b350 |
||
| 651 | 0 |
_aবাংলাদেশ _xইতিহাস |
|
| 651 | 0 |
_aBangladesh _xHistory |
|
| 700 | 1 |
_aত্রিবেদী, রবীন্দ্রনাথ _eসম্পাদক |
|
| 942 |
_2ddc _cBK |
||
| 999 |
_c104896 _d104896 |
||